Influence of salinity stress, osmotica and ABA on friability of MnSOD transgenic callus of Hevea brasiliensis (Record no. 61309)

MARC details
000 -LEADER
fixed length control field 00726nam a2200229Ia 4500
100 ## - MAIN ENTRY--AUTHOR NAME
Personal name Jayashree R
245 #0 - TITLE STATEMENT
Title Influence of salinity stress, osmotica and ABA on friability of MnSOD transgenic callus of Hevea brasiliensis
260 ## - PUBLICATION, DISTRIBUTION, ETC. (IMPRINT)
Name of publisher PLACROSYM XIX, 7-10 December 2010, Kottayam. Climate Change. 19th Biennial Symposium on Plantation Crops. Abstracts.pp.75.
650 ## - SUBJECT ADDED ENTRY--TOPICAL TERM
Topical Term Agrobacterium
650 ## - SUBJECT ADDED ENTRY--TOPICAL TERM
Topical Term Genetic transformation
650 ## - SUBJECT ADDED ENTRY--TOPICAL TERM
Topical Term NaCl
650 ## - SUBJECT ADDED ENTRY--TOPICAL TERM
Topical Term Osmoticum
700 ## - ADDED ENTRY--PERSONAL NAME
Personal name Jayasree P K
700 ## - ADDED ENTRY--PERSONAL NAME
Personal name Jiji M
700 ## - ADDED ENTRY--PERSONAL NAME
Personal name Kala R G
700 ## - ADDED ENTRY--PERSONAL NAME
Personal name Rekha K
700 ## - ADDED ENTRY--PERSONAL NAME
Personal name Sobha S
700 ## - ADDED ENTRY--PERSONAL NAME
Personal name Sushamakumari S
700 ## - ADDED ENTRY--PERSONAL NAME
Personal name Thulaseedharan A
942 ## - ADDED ENTRY ELEMENTS (KOHA)
Koha item type Journals
Holdings
Withdrawn status Lost status Damaged status Not for loan Home library Current library Shelving location Date acquired Koha item type
      Journals RRII Library RRII Library Biotechnology 17/12/2021 Journals